| 000 | 00508nam a22001697a 4500 | ||
|---|---|---|---|
| 005 | 20251108165207.0 | ||
| 008 | 250721s1992 xx 000 0 ara d | ||
| 082 | 1 | 4 | _a591.4/منى |
| 100 | 1 | _aعبد الرحمن، منى فريد | |
| 245 | 1 | 0 | _aالتشريح المقارن للفقاريات / |
| 264 | 1 |
_aالقاهرة : _bالمكتبة الأكاديمية، _c1992. |
|
| 300 | _a127ص : مص | ||
| 650 | 1 | 7 | _aالتشريح |
| 650 | 1 | 7 | _aالفقاريات |
| 942 |
_2ddc _cBK |
||
| 999 |
_c21781 _d21781 |
||